| 000 | 00561nam a2200205 a 4500 | ||
|---|---|---|---|
| 001 | 83387 | ||
| 003 | BD-RjUL | ||
| 005 | 20240318142001.0 | ||
| 008 | 240318s1957 enka 000 1 eng | ||
| 035 | _a(BD-RjUL)83387 | ||
| 040 |
_aDLC _beng _cDLC _dDLC _dBD-RjUL |
||
| 041 | _aeng | ||
| 082 |
_223 _a823.91 _bSTS 1957 |
||
| 100 | 1 |
_aSteinbeck, John, _d1902-1968. _912395 |
|
| 245 | 1 | 4 |
_aThe short reign of Pippin IV : _ba fabrication / |
| 260 |
_aLondon : _bHeinemann, _c1957 |
||
| 300 |
_a164 p. _billus. _c21 cm. |
||
| 650 | _aEnglish fiction | ||
| 942 |
_2ddc _cBK |
||
| 999 |
_c83387 _d83387 |
||